000 01039nam a2200253 a 4500
999 _c6701
_d6701
001 6701
003 UkOxU
005 20180305162355.0
008 500101s1960 enka 000 0 eng d
035 _a(BD-JhCC) 6701
040 _aDLC
_cDLC
_dEQO
041 _aeng
050 0 _aGV199.44.E85
_bB76
082 _a796.5/22
_bBRO 1963
100 1 _aBroughton, Geoffrey,
_d1927-
245 1 0 _aClimbing Everest :
_ban anthology /
_cselected and edited by Geoffrey Broughton from the writings of the climbers themselves
260 _aOxford University Press :
_bLondon,
_c1960
300 _a149 p.
_billus.
_c19 cm
505 0 _aThe highest mountain.--The challenge.--First failure.--Avalanche.--Norton's gallant effort.--Tragedy.--Lost on Everest.--Over the top.--A new route.--Swiss attempt.--Plans and proposals.--Establishing camp VII.--Gifts for the gods
650 0 _aMountaineering
_zEverest, Mount (China and Nepal)
_xHistory
651 0 _aEverest, Mount (China and Nepal)
_xDescription and travel
942 _2ddc
_cBK